| 000 | 00706nam a2200169 i 4500 | ||
|---|---|---|---|
| 001 | 23483 | ||
| 003 | ES-MaACL | ||
| 005 | 20250823063031.0 | ||
| 007 | t| | ||
| 008 | 021210s1920 sp ||||1| spa d | ||
| 100 | 1 |
_aÁlvarez de Linera, Antonio, _d1888-1961 _9149717 |
|
| 245 | 1 | 0 |
_aTransformación de los procesos psíquicos conscientes en procesos inconscientes _b: memoria premiada con accesit por la Real Academia de Ciencias Morales y Políticas en el Concurso ordinario de 1915 / _cAntonio Alvarez Linera y Grund. |
| 260 |
_aMadrid : _b[s.n., _c1920] |
||
| 710 | 2 |
_aReal Academia de Ciencias Morales y Políticas (España) _9222050 |
|
| 852 |
_aES-MaACL _j1611-F-7 |
||
| 999 |
_c23483 _d23483 |
||